Movies Quiz

Random Movies or World Quiz

World Trade Center in Movies Quiz Stats

 Plays Quiz Updated Nov 26, 2014

Score 0/20 Timer 06:00
0 Plays Today
Movie % Correct
Superman
98.3%
Die Hard with a Vengeance
82.1%
Men in Black
78.9%
Spider-man
77.6%
Stuart Little
77.4%
Independence Day
70.5%
Crocodile Dundee
67.9%
The Coneheads
52.8%
Trading Places
48.1%
Splash
47.4%
Movie % Correct
Ghostbusters 2
40.8%
Jungle 2 Jungle
25.1%
Madagascar 2
23.9%
Man on Wire
20.6%
Deep Impact
16.9%
Big Daddy
16.8%
The Wiz
16.1%
A.I. Artificial Intelligence
12.4%
Godspell
9.2%
The French Connection
6.5%

You're not logged in!

Compare scores with friends on all Sporcle quizzes.
Join for Free
OR
Log In

You Might Also Like...

Show Comments

Extras

Top Quizzes Today


Score Distribution

Your Account Isn't Verified!

In order to create a playlist on Sporcle, you need to verify the email address you used during registration. Go to your Sporcle Settings to finish the process.

Report this User

Report this user for behavior that violates our Community Guidelines.

Details: